| 000 | 00372pab a2200145 454500 | ||
|---|---|---|---|
| 008 | 180718b2004 xxu||||| |||| 00| 0 eng d | ||
| 100 | _aWheeler, Christopher H. | ||
| 245 | _aOn the distributional aspects of urban growth | ||
| 260 | _c2004 | ||
| 300 | _ap.371-97. | ||
| 362 | _aMarch | ||
| 650 | _aUrban growth | ||
| 773 | _aJournal of Urban Economics | ||
| 909 | _a60662 | ||
| 999 |
_c60662 _d60662 |
||